000
00315nam a2200145Ia 4500
008
230718s9999 xx 000 0 und d
041
_a
Eng.
082
_a
823
_b
VOR-B
100
_a
Vornall, Thon
245
0
_a
Baby lim
260
_a
Pakistan
_b
Michael Grac
_c
1993
300
_a
232
650
_a
Law
999
_c
26172
_d
26172